| 000 | 00000nas 2200000za 4500 |
| 001 | 9.506474 |
| 003 | CaOODSP |
| 005 | 20221107133630 |
| 007 | cr ||||||||||| |
| 008 | 150406d20082015oncar p o f0 a0eng|d |
| 022 | |a1925-7953 |
| 040 | |aCaOODSP|beng |
| 043 | |an-cn--- |
| 086 | 1 |aIu1-4/2E-PDF |
| 110 | 1 |aCanada. |bIndustry Canada. |
| 222 | 0|aAnnual report on the Privacy Act |b(Online) |
| 245 | 10|aAnnual report on the Privacy Act |h[electronic resource] / |cIndustry Canada. |
| 260 | |a[Ottawa] : |bIndustry Canada, |c[2008-2015] |
| 310 | |aAnnual |
| 362 | 1 |aBegan with 2007/2008; ceased with 2014/2015. |
| 500 | |aIssued also in French under title: Rapport annuel de ... concernant la Loi sur la protection des renseignements personnels. |
| 520 | 3 |aDescribes how Industry Canada administered its responsibilities in the year of operation of the Privacy Act. |
| 690 | 07|aPrivacy|2gcpds |
| 775 | 08|tRapport annuel de ... concernant la Loi sur la protection des renseignements personnels |w(CaOODSP)9.502870 |
| 776 | 0#|tIndustry Canada - [...] annual report on the Privacy Act |w(CaOODSP)9.511684 |
| 780 | 00|tAccess to information and privacy acts, annual reports.|w(CaOODSP)9.890379 |
| 785 | 00|tAnnual report on the administration of the Privacy Act.|w(CaOODSP)9.814919 |